00666nam a2200169 a 450000100060000000300090000600800410001502000150005604000280007108200130009911001670011224500690027926000340034830000110038265000460039365000570043916824CO-ViMGA141112s2004 ck r 000 u spa d a9686223614 aCO-ViMGAbspacCO-ViMGA04a553 K385 aDocumento de trabajo e informe de la reunión de expertos sobre seguridad en la utilización de fibras minerales y sintéticas Ginebra 17 - 25 de Abril de 198910aSeguridad en la utilización de fibras minerales y sintéticas aMadríd, cAlfaOmega, c1992 a101.p.14aFIBRAS INORGANICAS - MEDIDAS DE SEGURIDAD14aFIBRAS MINERALES ARTIFICIALES - MEDIDAS DE SEGURIDAD